MARC

LEADER 00000nas a2200000 a 4500
001 ssj0000399098
003 WaSeSS
005 20200512172242.0
006 m d
007 cr n
008 070121c19999999fr ar ss s i0 0eng c
010 |a  2011251118 
035 |a (WaSeSS)ssj0000399098 
040 |a HNK  |b eng  |c HNK  |d HNK  |d UMC  |d OCLCQ  |d OCLCF  |d FIE  |d OCLCQ  |d OCLCA  |d WaSeSS 
042 |a pcc 
050 1 4 |a HD5701  |b .O215 
130 0 |a OECD employment outlook (1999 : Online) 
245 1 0 |a OECD employment outlook  |h [electronic resource]. 
246 3 0 |a Employment outlook 
260 |a Paris :  |b OECD,  |c ©1999- 
310 |a Annual 
362 0 |a June 1999- 
490 1 |a 2000: OECD outlooks 
500 |a Some issues have also distinctive titles. 
506 |a License restrictions may limit access. 
580 |a Issued also in French: Perspectives de l'emploi de l'OCDE. 
588 |a Description based on print version record. 
588 |a Latest issue consulted: 2010. 
650 0 |a Labor supply  |v Periodicals. 
650 0 |a Employment forecasting  |v Periodicals. 
650 0 |a Unemployment  |v Periodicals. 
650 0 |a Labor supply  |z OECD countries  |v Periodicals. 
650 0 |a Employment forecasting  |z OECD countries  |v Periodicals. 
650 0 |a Unemployment  |z OECD countries  |v Periodicals. 
650 7 |a Employment forecasting.  |2 fast  |0 (OCoLC)fst00909353 
650 7 |a Labor supply.  |2 fast  |0 (OCoLC)fst00990165 
650 7 |a Unemployment.  |2 fast  |0 (OCoLC)fst01161213 
651 7 |a OECD countries.  |2 fast  |0 (OCoLC)fst01277092 
655 0 |a Electronic journals. 
710 2 |a Organisation for Economic Co-operation and Development. 
776 0 8 |i Print version:  |t OECD employment outlook (1999)  |w (DLC) 00252535  |w (OCoLC)44755069 
780 0 0 |t Employment outlook (Paris, France : Online)  |w (OCoLC)124483111 
830 0 |a OECD outlooks. 
856 4 0 |z Full text available from Research Library: 01/01/2012 to 6 months ago  |u https://search.proquest.com/publication/2026403